000
00411nam a22001337a 4500
020
_a
9789332517080
082
_a
150
100
_a
Jonathan Ling
245
_a
Cognitive Psychology
260
_a
Dorling Kinderseley
_b
Pearson publishers
_c
2014
300
_a
244p
942
_c
BK
999
_c
2851
_d
2851